Vector mechanics for engineers (Record no. 4856)

000 -LEADER
fixed length control field 00594nam a2200217 a 4500
001 - CONTROL NUMBER
control field 4856
003 - CONTROL NUMBER IDENTIFIER
control field BD-DhUET
008 - FIXED-LENGTH DATA ELEMENTS--GENERAL INFORMATION
fixed length control field 840307s1984 nyua 001 0 eng
020 ## - INTERNATIONAL STANDARD BOOK NUMBER
International Standard Book Number 0070044384
040 ## - CATALOGING SOURCE
Original cataloging agency DLC
Transcribing agency DLC
Modifying agency BD-DhUET
082 00 - DEWEY DECIMAL CLASSIFICATION NUMBER
Classification number 620.1
Item number BEE/1984
100 ## - MAIN ENTRY--PERSONAL NAME
Personal name Beer, Ferdinand P.
245 10 - TITLE STATEMENT
Title Vector mechanics for engineers
Remainder of title statics and dynamics
250 ## - EDITION STATEMENT
Edition statement 4th ed.
260 ## - PUBLICATION, DISTRIBUTION, ETC. (IMPRINT)
Place of publication, distribution, etc. New York
Name of publisher, distributor, etc. McGraw-Hill
Date of publication, distribution, etc. 1984
300 ## - PHYSICAL DESCRIPTION
Extent xxi, 926 p.
Other physical details ill.
Dimensions 24 cm.
504 ## - BIBLIOGRAPHY, ETC. NOTE
Bibliography, etc Includes bibliographies
650 #0 - SUBJECT ADDED ENTRY--TOPICAL TERM
Topical term or geographic name as entry element Engineering instruments
700 1# - ADDED ENTRY--PERSONAL NAME
Personal name Johnston, E. Russell
942 ## - ADDED ENTRY ELEMENTS (KOHA)
Koha item type General Book
Holdings
Koha date last seen Price effective from Copy number Not for loan Source of classification or shelving scheme Koha issues (times borrowed) Lost status Location (home branch) Withdrawn status Sublocation or collection (holding branch) Shelving location Koha full call number Koha item type Koha normalized classification for sorting Koha date last borrowed Date acquired Piece designation (barcode) Damaged status
2015-12-082014-11-231    Central Library, BUET Central Library, BUETCirculation section620.1/BEE/1984General Book620_100000000000000_BEE_1984 2014-11-2366051 
2022-06-202014-11-241  2 Central Library, BUET Central Library, BUETCirculation section620.1/BEE/1984General Book620_000000000000000_1BEE19842022-06-122014-11-2466042 
2023-06-072014-11-291  4 Central Library, BUET Central Library, BUETCirculation section620.1/BEE/1984General Book620_100000000000000_BEE_19842023-01-102014-11-2966086 
2025-05-282014-12-1149  1 Central Library, BUET Central Library, BUETCirculation section620.1 /BEE/1984General Book620_100000000000000_BEE_19842025-04-302014-12-1166044 
2015-02-232014-12-111    Central Library, BUET Central Library, BUETCirculation section620.1/BEE/1984General Book620_100000000000000_BEE_1984 2014-12-1166012 
2015-12-222015-01-196    Central Library, BUET Central Library, BUETCirculation section620.1/BEE/1984General Book620_100000000000000_BEE_1984 2015-01-1966043 
2022-12-132015-02-167  1 Central Library, BUET Central Library, BUETCirculation section620.1/BEE/1984General Book620_100000000000000_BEE_19842022-11-212015-02-1681336 
2018-04-302015-04-011  1 Central Library, BUET Central Library, BUETCirculation section620.1/BEE/1984General Book620_100000000000000_BEE_19842018-04-182015-04-0166048 
2015-06-212015-06-219    Central Library, BUET Central Library, BUETReading section620.1/BEE/1984Reading Item620_100000000000000_BEE_1984 2015-06-2166015 
2015-06-222015-06-2210    Central Library, BUET Central Library, BUETReading section620.1/BEE/1984General Book620_100000000000000_BEE_1984 2015-06-2266014 
2015-06-222015-06-2211    Central Library, BUET Central Library, BUETReading section620.1/BEE/1984General Book620_100000000000000_BEE_1984 2015-06-2266013 
2015-06-292015-06-2912    Central Library, BUET Central Library, BUETReading section620.01/BEE/1984Reading Item620_010000000000000_BEE_1984 2015-06-2966095 
2015-07-282015-07-2813    Central Library, BUET Central Library, BUETCirculation section620.1/BEE/1984General Book620_100000000000000_BEE_1984 2015-07-2875502